[Event "Oberpfalz-ch M2"]
[Site "Schwarzenfeld"]
[Date "2005.??.??"]
[Round "6"]
[White "Engl, Eva"]
[Black "Peutler, Hans"]
[Result "1/2-1/2"]
[WhiteElo "1681"]
[BlackElo "1784"]
[PlyCount "92"]
[EventDate "2005.03.19"]
[EventType "swiss"]
[EventRounds "8"]
[EventCountry "GER"]
[SourceTitle "EXT 2022"]
[Source "ChessBase"]
[SourceDate "2021.10.06"]
[SourceVersion "1"]
[SourceVersionDate "2021.10.06"]
[SourceQuality "1"]

1. e4 c5 2. Nf3 Nc6 3. d4 cxd4 4. Nxd4 Nf6 5. Nc3 e5 6. Nf3 Bb4 7. Bc4 0-0 8. Qd3 Na5 9. Bd2 Nxc4 10. Qxc4 Bxc3 11. Bxc3 d6 12. 0-0-0 Be6 13. Qb4 a5 14. Qxb7 Qb8 15. Qxb8 Rfxb8 16. Rhe1 Ra6 17. Kb1 Kf8 18. h3 h6 19. Nd2 Ke7 20. Nb3 Rb5 21. f4 a4 22. Nc1 exf4 23. e5 Nd5 24. exd6+ Rxd6 25. Bxg7 f6 26. Rd3 Rdb6 27. b3 Ne3 28. Bxh6 Nxg2 29. Re2 Rh5 30. Rxg2 Rxh6 31. Rd4 axb3 32. axb3 f3 33. Rg3 Rxh3 34. Rxh3 Bxh3 35. Rf4 Bg2 36. Nd3 Re6 37. Kb2 Re3 38. Kc3 Ke6 39. Kd4 Re2 40. c4 f5 41. c5 Re4+ 42. Rxe4+ fxe4 43. Nf2 Bf1 44. Nxe4 Be2 45. b4 Kd7 46. Kd5 Kc7 1/2-1/2